| 000 | 00499nam a2200205Ia 4500 | ||
|---|---|---|---|
| 003 | OSt | ||
| 005 | 20140319091246.0 | ||
| 008 | 140130s9999 xx 000 0 und d | ||
| 020 | _a9780439625968 | ||
| 050 |
_aPZ 8.3 _b.H146My 1995 |
||
| 100 | _aHall, Kirsten | ||
| 245 |
_aMy brother, the brat / _cKirsten Hall. |
||
| 260 |
_bScholastic, _c1995. _aNew York : |
||
| 300 |
_a35 p. : _bcol. ill. ; _c24 cm. |
||
| 440 | _v1 | ||
| 521 | _aBR | ||
| 526 | _cBR | ||
| 942 |
_cBK _2lcc |
||
| 999 |
_c41532 _d41532 |
||